000 00641nam a2200277Ia 4500
005 20260324135847.0
008 008 260324s9999 xx 000 0 eng d
020 _a9781003070221
037 _aEBOOK
040 _aCRL
040 _beng
040 _cCRL
041 _2eng
041 _aeng
084 _qCRL
100 _aRachelle A. Dorfman
_91202192
245 0 _aParadigms of Clinical Social Work
260 _bTaylor and Francis
260 _c1999
365 _a
365 _b145
856 _uhttp://www.taylorfrancis.com/books/9781003070221
942 _cEBOOK
999 _c1803698
_d1803698